Syntetický kaučuk
Saved in:
| Main Author: | |
|---|---|
| Format: | Book |
| Language: | Czech |
| Published: |
Praha
Státní nakladatelství technické literatury
1971
|
| Series: | Makromolekulární látky
27 |
| Tags: |
No Tags, Be the first to tag this record!
|
MARC
| LEADER | 00000nam a2200000 4500 | ||
|---|---|---|---|
| 001 | c121981 | ||
| 005 | 20221207070905.2 | ||
| 041 | 0 | |a cze | |
| 044 | |a CZ | ||
| 245 | 1 | 0 | |a Syntetický kaučuk |c Jaroslav Pech |
| 264 | 1 | |a Praha |b Státní nakladatelství technické literatury |c 1971 | |
| 300 | |a 478 s. | ||
| 490 | 1 | |a Makromolekulární látky |v 27 | |
| 830 | 0 | |a Makromolekulární látky |v 27 | |
| 100 | 1 | |a Pech, Jaroslav | |